000 00690nam a2200289Ia 4500
005 20260324115808.0
008 008 260324s9999 xx 000 0 eng d
020 _a9780429257964
037 _aEBOOK
040 _aCRL
040 _beng
040 _cCRL
041 _2eng
041 _aeng
084 _qCRL
100 _aScott Goodwin
_91152869
245 0 _aMapping the Path to 21st Century Healthcare
245 4 _bThe Ten Transitions Workbook
260 _bTaylor and Francis
260 _c2016
365 _a
365 _b280
856 _uhttp://www.taylorfrancis.com/books/9780429257964
942 _cEBOOK
999 _c1747172
_d1747172